Größte Städte in den Niederlanden - Statistiken

Allgemein
  • Dieses Quiz wurde 10.444 mal gespielt
    9.348 seit der letzten Aktualisierung
  • Das Durchschnittsergebnis liegt bei 6 aus 15
Antwortstatistiken
Bevölkerung Stadt % Korrekt
1.136.210 Amsterdam
100%
868.135 Rotterdam
95%
851.010 Den Haag
78%
320.365 Eindhoven
61%
396.315 Utrecht
55%
218.105 Groningen
52%
160.960 Nimwegen
25%
208.270 Haarlem
21%
218.130 Tilburg
18%
165.545 Herzogenbusch
15%
273.720 Leiden
14%
186.690 Almere
9%
155.600 Amersfoort
9%
224.440 Dordrecht
8%
170.030 Heerlen
3%
Keine übereinstimmenden Quizze gefunden
Verteilung der Resultate
Anzahl Personen mit jedem Resultat
Perzentil nach korrekt beantworteten Fragen
Ihre Resultats-Entwicklung
Sie haben dieses Quiz seit der letzten Aktualisierung nicht gespielt